[Event "Shumov mem corr"]
[Site "Russia"]
[Date "2002.07.01"]
[Round "?"]
[White "Kantsurak, Fedor Nikolaevich"]
[Black "Alvarez Villar, Horacio Nelson"]
[Result "1/2-1/2"]
[WhiteElo "2486"]
[BlackElo "2369"]
[PlyCount "95"]
[EventDate "2000.07.01"]
[EventType "tourn (corr)"]
[EventRounds "14"]
[EventCountry "RUS"]
[EventCategory "5"]
[SourceTitle "Corr 2006"]
[Source "ChessBase"]
[SourceDate "2006.04.01"]
[SourceVersion "3"]
[SourceVersionDate "2006.04.01"]
[SourceQuality "1"]

1. e4 e5 2. Nf3 Nc6 3. d4 exd4 4. Nxd4 Bc5 5. Nb3 Bb6 6. a4 Qf6 7. Qe2 a6 8. Nc3 Nge7 9. Nd5 Nxd5 10. exd5+ Ne7 11. h4 h6 12. a5 Ba7 13. Ra4 0-0 14. g4 Nxd5 15. g5 Qc6 16. Rc4 Nf4 17. Rxf4 Qxh1 18. gxh6 d6 19. hxg7 Kxg7 20. Qe7 Qg1 21. Qf6+ Kh7 22. Rf3 Qg7 23. Bd3+ Kh8 24. Bg5 Re8+ 25. Kd2 Bg4 26. h5 Re6 27. h6 Qxf6 28. Bxf6+ Rxf6 29. Rxf6 Be6 30. Kc3 Rg8 31. Be4 d5 32. Bf5 Rg2 33. Bxe6 fxe6 34. Rxe6 Bxf2 35. Re2 Rg3+ 36. Kd2 Ba7 37. c3 Kh7 38. Re7+ Kxh6 39. Rxc7 Rg2+ 40. Kc1 Be3+ 41. Kb1 Rg1+ 42. Ka2 Rg7 43. Rc8 Rd7 44. Re8 Ba7 45. Ra8 Be3 46. Nd4 Kg6 47. Re8 Bg5 48. Re1 1/2-1/2

[Event "Shumov mem corr"]
[Site "Russia"]
[Date "2002.07.01"]
[Round "?"]
[White "Kantsurak, Fedor Nikolaevich"]
[Black "Martinsons, Ilmars"]
[Result "1-0"]
[WhiteElo "2486"]
[BlackElo "2220"]
[PlyCount "103"]
[EventDate "2000.07.01"]
[EventType "tourn (corr)"]
[EventRounds "14"]
[EventCountry "RUS"]
[EventCategory "5"]
[SourceTitle "Corr 2006"]
[Source "ChessBase"]
[SourceDate "2006.04.01"]
[SourceVersion "3"]
[SourceVersionDate "2006.04.01"]
[SourceQuality "1"]

1. e4 c5 2. Nf3 d6 3. d4 cxd4 4. Nxd4 Nf6 5. Nc3 Nc6 6. Bg5 e6 7. Qd2 Be7 8. 0-0-0 0-0 9. Nb3 Qb6 10. f3 a6 11. g4 Rd8 12. Be3 Qc7 13. g5 Nd7 14. h4 b5 15. h5 b4 16. Na4 Nc5 17. Naxc5 dxc5 18. Qg2 Rxd1+ 19. Kxd1 Ne5 20. g6 c4 21. Nd4 fxg6 22. f4 c3 23. b3 Nc6 24. Nxc6 Qxc6 25. hxg6 h6 26. Rh5 Bb7 27. Bd3 Bf6 28. Kc1 Rd8 29. Qg1 Bc8 30. Bc5 Qb7 31. a3 bxa3 32. Bxa3 Qc7 33. Qe3 Bd4 34. Qg3 a5 35. Kb1 a4 36. b4 Rf8 37. Ra5 Bd7 38. Ra6 Rb8 39. Ka1 Bb6 40. Qh4 Qd6 41. Ka2 Kh8 42. Qh2 Qc7 43. Qg3 Bc6 44. Qe1 Be8 45. f5 Qe5 46. Qf1 Qf6 47. Qf4 e5 48. Qh2 Qd6 49. b5 Qd4 50. Bc1 Qg1 51. Qxg1 Bxg1 52. Ba3 1-0

[Event "Shumov mem corr"]
[Site "Russia"]
[Date "2000.??.??"]
[Round "?"]
[White "Neborak, Yury Trofimovich"]
[Black "Kantsurak, Fedor Nikolaevich"]
[Result "1/2-1/2"]
[WhiteElo "2363"]
[BlackElo "2486"]
[PlyCount "48"]
[EventDate "2000.07.01"]
[EventType "tourn (corr)"]
[EventRounds "14"]
[EventCountry "RUS"]
[EventCategory "5"]
[SourceTitle "Corr 2002"]
[Source "ChessBase"]
[SourceDate "2002.05.23"]
[SourceVersion "1"]
[SourceVersionDate "2002.05.23"]
[SourceQuality "1"]

1. e4 c5 2. Nf3 Nc6 3. d4 cxd4 4. Nxd4 Nf6 5. Nc3 d6 6. Bg5 e6 7. Qd2 Be7 8. 0-0-0 0-0 9. f4 Nxd4 10. Qxd4 Qa5 11. e5 dxe5 12. Qxe5 Qxe5 13. fxe5 Nd5 14. Bxe7 Nxe7 15. Bd3 b6 16. Be4 Rb8 17. Nb5 Bb7 18. Bxb7 Rxb7 19. Rhe1 a6 20. Nc3 h6 21. Rd6 Rc8 22. Re4 Nf5 23. Rd3 Ne7 24. Rd6 Nf5 1/2-1/2